000 01010nam a2200229Ia 4500
001 467
003 GE_BSU
008 181216s||||||||xx |||||||||||||| ||und||
020 _a9789994069385
040 _cGE_BSU
080 _a371.1
245 _aდამხმარე სახელმძღვანელო სკოლის დირექტორებისათვის
245 _cსახელმძღვანელოზე მუშაობდნენ: გოგლიჩიძე ალუდა; კობახიძემაგდა; ლაცაბიძე გიორგი
260 _aთბილისი
260 _c2011
300 _a175გვ.
541 _h8ლ.
653 _aდამხმარე სახელმძღვანელო სკოლის დირექტორებისათვის
653 _aსკოლის დირექტორები;
653 _aსკოლის მართვა
942 _cBK
999 _c34682
_d34682